Ivan, the terrible / (Record no. 19552)

MARC details
000 -LEADER
fixed length control field 00708nam a2200229Ia 4500
008 - FIXED-LENGTH DATA ELEMENTS--GENERAL INFORMATION
fixed length control field 210303s9999 xx 000 0 und d
016 ## - NATIONAL BIBLIOGRAPHIC AGENCY CONTROL NUMBER
Source reto2022b
040 ## - CATALOGING SOURCE
Original cataloging agency NLN
Language of cataloging English
Description conventions AACR2
100 ## - MAIN ENTRY--AUTHOR
Author GREY, Ian
Dates associated with a name 1918
Relator term aut
245 #0 - TITLE STATEMENT
Title Ivan, the terrible /
Statement of responsibility, etc Ian Grey
260 ## - PUBLICATION, DISTRIBUTION, ETC. (IMPRINT)
Place of publication London :
Name of publisher Hodder & Stoughton,
Date of publication 1964
300 ## - COLLATION
Pagination 256p. :
Other physical details ill., maps, ports. ; 23cm
500 ## - GENERAL NOTE
General note Bibliography : p. 247-249
563 ## - BINDING INFORMATION
Binding note (pbk)
650 ## - TRACINGS
Main Subject Ivan IV, Czar of Russia, 1530-1584.
650 ## - TRACINGS
Main Subject Russia
Subdivision (1st) Kings and rulers
Subdivision (2nd) Biography.
650 ## - TRACINGS
Main Subject Russia
Subdivision (1st) History
Subdivision (2nd) Ivan IV, 1533-1584
942 ## - ADDED ENTRY ELEMENTS (KOHA)
Item type Books
050 ## - LIBRARY OF CONGRESS CALL NUMBER
Classification number DK106
Item number .G842
082 ## - DEWEY DECIMAL CLASSIFICATION NUMBER
Classification number 947.043
Holdings
Withdrawn status Lost status Source of classification or shelving scheme Damaged status Not for loan Home library Current library Date acquired Total Checkouts Full call number Barcode. Date last seen Price effective from Koha item type
    Library of Congress Classification     LAGOS BRANCH National Library of Nigeria 04/03/2021   DK106 .G842 2024-555555551000372 04/03/2021 04/03/2021 Books

National Library of Nigeria OPAC is powered by Koha